000 00309nam a2200109Ia 4500
008 171211s9999 xx 000 0 und d
245 _aSunday Sews: 20 Inspired Weekend Projects
245 _cTheresa Gonzalez
260 _c2016
650 _xHobbies
856 _uhttp://down.ebook777.com/064/9781452138688.pdf
999 _c350326
_d350326